LIBRARY & INFORMATION CENTRE, KCAET, TAVANUR

ONLINE PUBLIC ACCESS CATALOGUE (OPAC)

Heat transfer: In SI Units (Record no. 10654)

MARC details
000 -LEADER
fixed length control field 00379cam a2200145ua 4500
020 ## - INTERNATIONAL STANDARD BOOK NUMBER
ISBN 9780071069670
082 ## - DEWEY DECIMAL CLASSIFICATION NUMBER
Classification number 621.4022
Item number HOL/HE
100 ## - MAIN ENTRY--AUTHOR NAME
Personal name Holman, J P .
100 ## - MAIN ENTRY--AUTHOR NAME
Personal name Bhattacharyya, Souvik
245 ## - TITLE STATEMENT
Title Heat transfer: In SI Units
250 ## - EDITION STATEMENT
Edition statement 10th
260 ## - PUBLICATION, DISTRIBUTION, ETC. (IMPRINT)
Place of publication New Delhi
Name of publisher McGraw Hill Education (India)Private Limited
Year of publication 2011
300 ## - PHYSICAL DESCRIPTION
Number of Pages 674
942 ## - ADDED ENTRY ELEMENTS (KOHA)
Koha item type Books
Holdings
Withdrawn status Lost status Damaged status Home library Current library Date acquired Full call number Accession Number Koha item type Collection code Shelving location Source of acquisition Cost, normal purchase price
      KAUAET KAUAET 07/04/2012 621.4022 HOL/HE 16927 Books        
      KAUAET KAUAET 07/04/2012 621.4022 HOL/HE 21190 Books        
      KAUAET KAUAET 07/04/2012 621.4022 HOL/HE 21436 Books        
      KAUAET KAUAET 07/04/2012 621.4022 HOL/HE 21712 Books        
      KAUAET KAUAET 30/03/2013 621.4022 HOL/HE 23745 Books Non-fiction General Stacks Calicut Book Distributors 525.00
      KAUAET KAUAET 17/06/2016 621.4022 HOL/HE 24744 Books   General Stacks Padma Book house, Palakkkad 635.00
free website counter